[Event "GER-chT North U16"]
[Site "Greifswald"]
[Date "2013.09.12"]
[Round "1.4"]
[White "Nguyen, Phoung Thuy Anh"]
[Black "Schumann, Steffen"]
[Result "1/2-1/2"]
[WhiteElo "1436"]
[BlackElo "1793"]
[PlyCount "81"]
[EventDate "2013.09.12"]
[EventType "team-swiss"]
[EventRounds "7"]
[EventCountry "GER"]
[SourceTitle "EXT 2014"]
[Source "ChessBase"]
[SourceDate "2013.11.20"]
[SourceVersion "1"]
[SourceVersionDate "2013.11.20"]
[SourceQuality "1"]
[WhiteTeam "Berlin Schachunion"]
[BlackTeam "Wildeshausen"]
[WhiteTeamCountry "GER"]
[BlackTeamCountry "GER"]

1. e4 c5 2. Nf3 d6 3. d4 cxd4 4. Nxd4 Nf6 5. Nc3 g6 6. Be3 Bg7 7. Bc4 0-0 8. 0-0 Ng4 9. Qd2 Nxe3 10. Qxe3 Nc6 11. Nf3 Bg4 12. Bb3 Rc8 13. Ng5 Bd7 14. Kh1 Qa5 15. f4 h6 16. Nf3 Bg4 17. Rac1 Bxf3 18. Qxf3 Nd4 19. Qe3 Nxb3 20. cxb3 e6 21. a3 a6 22. Rfd1 Bxc3 23. Rxc3 Rxc3 24. Qxc3 Qxc3 25. bxc3 Rc8 26. c4 b5 27. Rc1 bxc4 28. Rxc4 Rxc4 29. bxc4 Kf8 30. Kg1 Ke7 31. Kf2 Kd7 32. Ke3 e5 33. fxe5 dxe5 34. a4 Kc6 35. Kd3 Kc5 36. Kc3 a5 37. g4 g5 38. h3 f6 39. Kd3 Kb4 40. c5 Kxc5 41. Kc3 1/2-1/2